书目信息 |
| 题名: |
中国书法大系
|
|
| 作者: | 刘墨 主编 | |
| 分册: | 1 宋元书札手稿 | |
| 出版信息: | 沈阳 辽宁美术出版社 2015.06 |
|
| 页数: | 1册 | |
| 开本: | 27cm | |
| 丛书名: | ||
| 单 册: | ||
| 中图分类: | J292.21 , J292.25 | |
| 科图分类: | ||
| 主题词: | 法书--作品集--中国 , 法书--作品集--中国--宋元时期 | |
| 电子资源: | ||
| ISBN: | 978-7-5314-6654-3 | |
| 000 | 01009nam0 2200277 450 | |
| 001 | 0120141439631 | |
| 005 | 20170612094129.46 | |
| 010 | @a978-7-5314-6654-3@b精装@dCNY150.00 | |
| 100 | @a20150323d2015 em y0chiy50 ea | |
| 101 | 0 | @achi |
| 102 | @aCN@b210000 | |
| 105 | @ay z 000yy | |
| 106 | @ar | |
| 200 | 1 | @a中国书法大系@9zhong guo shu fa da xi@i宋元书札手稿@h1@dThe Chinese calligraphy series@iThe Song and Yuan dynasty personal letter and manuscript@hⅠ@f刘墨主编@zeng |
| 210 | @a沈阳@c辽宁美术出版社@d2015.06 | |
| 215 | @a1册@d27cm | |
| 330 | @a本书共分为五大部分,主要包括:宋贤书札、苏轼尺牍、黄庭坚尺牍、米芾尺牍等。 | |
| 333 | @a书法爱好者 | |
| 510 | 1 | @aChinese calligraphy series@iSong and Yuan dynasty personal letter and manuscript@hⅠ@zeng |
| 606 | 0 | @a法书@x作品集@y中国 |
| 606 | 0 | @a法书@x作品集@y中国@z宋元时期 |
| 690 | @aJ292.21@v5 | |
| 690 | @aJ292.25@v5 | |
| 701 | 0 | @a刘墨@9liu mo@4主编 |
| 801 | 0 | @aCN@b人天书店@c20150323 |
| 905 | @b991744-46@dJ292.21@e577:2@f3 | |
| 中国书法大系.宋元书札手稿.1=The Chinese calligraphy series.The Song and Yuan dynasty personal letter and manuscript.Ⅰ/刘墨主编.-沈阳:辽宁美术出版社,2015.06 |
| 1册;27cm |
| 使用对象:书法爱好者 |
| ISBN 978-7-5314-6654-3(精装):CNY150.00 |
| 本书共分为五大部分,主要包括:宋贤书札、苏轼尺牍、黄庭坚尺牍、米芾尺牍等。 |
| ● |
| 相关链接 |
|
|
|
|
正题名:中国书法大系
索取号:J292.21/577:2
 
预约/预借
| 序号 | 登录号 | 条形码 | 馆藏地/架位号 | 状态 | 备注 |
| 1 | 991744 | 209917447 | 第一样本阅览室/ [索取号:J292.21/577:2] | 在馆 | |
| 2 | 991745 | 209917456 | 第一借阅区/ [索取号:J292.21/577:2] | 在馆 | |
| 3 | 991746 | 209917465 | 第一借阅区/ [索取号:J292.21/577:2] | 在馆 |